[Event "AUTO-ADV-3398"]
[Site "http://www.queenalice.com/game.php?id=1386756"]
[Date "2015.10.2"]
[Round "2"]
[White "Maniusiek"]
[Black "LuisGabriel_HD"]
[Result "1-0"]
[WhiteElo "2610"]
[BlackElo "1959"]

1. e4 e5 2. Nf3 Nc6 3. Bc4 Nf6 4. Ng5 d5 5. exd5 Nxd5 6. d4 exd4 7. O-O h6 8.
Nxf7 Kxf7 9. Qf3+ Kg8 10. Bxd5+ Kh7 11. Be4+ Kg8 12. Qb3+ 1-0

[Event "AUTO-ADV-3398"]
[Site "http://www.queenalice.com/game.php?id=1386757"]
[Date "2015.10.2"]
[Round "2"]
[White "LuisGabriel_HD"]
[Black "Maniusiek"]
[Result "0-1"]
[WhiteElo "1909"]
[BlackElo "2617"]

1. e4 e5 2. Nf3 Nc6 3. Bb5 Nf6 4. Nc3 Nd4 5. Nxd4 exd4 6. Nd5 Nxd5 7. exd5 Qf6
8. O-O Be7 9. d3 O-O 10. Qg4 c6 11. Bc4 b5 12. Bb3 d6 13. Qg3 c5 14. Re1 h5 15.
Bf4 h4 16. Qf3 Bd7 17. Rac1 Rae8 18. Re2 Bd8 19. Rce1 Rxe2 20. Rxe2 g5 21. Bd2
Qxf3 22. gxf3 a5 23. a3 a4 24. Ba2 Kg7 25. c3 dxc3 26. bxc3 Bf5 27. Re3 Rh8 28.
Bb1 c4 29. Bc1 Ba5 30. Bd2 Bb6 31. Re7 cxd3 32. Rb7 Re8 33. Rxb6 Re2 34. Bxd3
Bxd3 35. Be3 Re1+ 36. Kg2 Bf1+ 0-1

[Event "AUTO-ELITE-1498"]
[Site "http://www.queenalice.com/game.php?id=1387647"]
[Date "2015.10.6"]
[Round "2"]
[White "Sexxy_Bunny"]
[Black "Maniusiek"]
[Result "1-0"]
[WhiteElo "2753"]
[BlackElo "2626"]

1. e4 e5 2. Nf3 Nc6 3. Bb5 Nf6 4. O-O Nxe4 5. d4 a6 6. Ba4 b5 7. Bb3 d5 8. dxe5
Be6 9. Nbd2 Bc5 10. Nxe4 dxe4 11. Bxe6 Qxd1 12. Rxd1 fxe6 13. Ng5 O-O 14. Nxe4
Bb6 15. Kf1 Rf5 16. f3 Rxe5 17. c3 Rf8 18. Re1 Rd5 19. Ng5 e5 20. Ne4 Rfd8 21.
Bg5 R8d7 22. Be3 h6 23. a4 Bxe3 24. Rxe3 b4 25. b3 a5 26. Rc1 Rd1+ 27. Re1 Rxe1+
28. Kxe1 bxc3 29. Rxc3 Nd4 30. Nf2 c6 31. Nd3 Rd5 32. Kf2 Kf7 33. g4 g5 34. Ke3
Ke6 35. Ke4 Kd6 36. Nxe5 Rxe5+ 37. Kxd4 c5+ 38. Kc4 Kc6 39. Rc2 Rd5 40. Kc3 Rd4
41. Re2 1-0

[Event "AUTO-ELITE-1498"]
[Site "http://www.queenalice.com/game.php?id=1387648"]
[Date "2015.10.6"]
[Round "2"]
[White "Maniusiek"]
[Black "Sexxy_Bunny"]
[Result "1/2-1/2"]
[WhiteElo "2613"]
[BlackElo "2687"]

1. e4 c5 2. Nf3 d6 3. d4 cxd4 4. Nxd4 Nf6 5. Nc3 a6 6. h3 e5 7. Nde2 h5 8. Bg5
Be6 9. g3 Nbd7 10. Bg2 Be7 11. a4 Nc5 12. a5 b5 13. axb6 Qxb6 14. b3 O-O 15. Qd2
Ncxe4 16. Bxe4 Nxe4 17. Nxe4 f6 18. Bxf6 gxf6 19. N2c3 Qb4 20. Qh6 Rf7 1/2-1/2

[Event "AUTO-ELITE-1498"]
[Site "http://www.queenalice.com/game.php?id=1387651"]
[Date "2015.10.6"]
[Round "2"]
[White "Maniusiek"]
[Black "janeil"]
[Result "1/2-1/2"]
[WhiteElo "2632"]
[BlackElo "2618"]

1. e4 c5 2. Nf3 Nc6 3. d3 e6 4. g3 g6 5. Bg2 Bg7 6. O-O Nge7 7. c3 O-O 8. Re1 e5
9. a3 d6 10. b4 h6 11. b5 Nb8 12. c4 f5 13. Nc3 a6 14. Nd2 f4 15. Bb2 axb5 16.
cxb5 Be6 17. a4 Nd7 18. Bf3 Rf7 19. Nc4 Nf8 20. a5 Bxc4 21. dxc4 Rxa5 22. Rxa5
Qxa5 23. Be2 Nc8 24. Nd5 Nb6 25. Nxb6 Qxb6 26. Qd5 Qd8 27. Rd1 Qf6 28. Qxd6 Ne6
29. f3 Nd4 30. Qxf6 Bxf6 31. Kf2 h5 32. Ra1 fxg3+ 33. hxg3 h4 34. Bxd4 exd4 35.
Ra8+ Kg7 36. Re8 Rd7 37. Bd3 1/2-1/2

[Event "AUTO-ELITE-1498"]
[Site "http://www.queenalice.com/game.php?id=1387652"]
[Date "2015.10.6"]
[Round "2"]
[White "janeil"]
[Black "Maniusiek"]
[Result "1/2-1/2"]
[WhiteElo "2634"]
[BlackElo "2631"]

1. c4 c6 2. e4 d5 3. exd5 cxd5 4. d4 Nf6 5. Nc3 Nc6 6. Nf3 Bg4 7. cxd5 Nxd5 8.
Qb3 Bxf3 9. gxf3 e6 10. Qxb7 Nxd4 11. Bb5+ Nxb5 12. Qc6+ Ke7 13. Qxb5 Qd7 14.
Nxd5+ Qxd5 15. Qxd5 exd5 16. O-O Ke6 17. Re1+ Kf5 18. Rd1 Rd8 19. Be3 Rd7 20.
Rd4 Bc5 21. Rf4+ Ke5 22. Rh4 d4 23. Rc1 Bb6 24. Re4+ Kf5 25. Rf4+ Ke5 26. Re4+
Kf5 27. Rf4+ Ke5 28. Re4+ 1/2-1/2

[Event "AUTO-MASTER-2289"]
[Site "http://www.queenalice.com/game.php?id=1387856"]
[Date "2015.10.7"]
[Round "2"]
[White "Maniusiek"]
[Black "Chanchito"]
[Result "1-0"]
[WhiteElo "2616"]
[BlackElo "2232"]

1. e4 c5 2. Nf3 e6 3. d3 Nc6 4. g3 d5 5. Nbd2 Nf6 6. Bg2 Be7 7. O-O O-O 8. Re1
b5 9. e5 Nd7 10. Nf1 Bb7 11. h4 Qc7 12. Bf4 d4 13. N1h2 Rfd8 14. Ng5 Bxg5 15.
hxg5 c4 16. Qh5 Ne7 17. Ng4 Nf5 18. Be4 Bxe4 19. dxe4 Ne7 20. Nf6+ Nxf6 21. exf6
1-0

[Event "AUTO-MASTER-2289"]
[Site "http://www.queenalice.com/game.php?id=1387857"]
[Date "2015.10.7"]
[Round "2"]
[White "Chanchito"]
[Black "Maniusiek"]
[Result "0-1"]
[WhiteElo "2259"]
[BlackElo "2609"]

1. d4 d5 2. c4 c6 3. cxd5 cxd5 4. Nc3 e5 5. dxe5 d4 6. Ne4 Qa5+ 7. Nd2 Nc6 8.
Nf3 Bg4 9. g3 Bxf3 10. exf3 Qxe5+ 11. Qe2 Qxe2+ 12. Bxe2 Nf6 13. O-O Be7 14. Ne4
Nd5 15. Bc4 Rd8 16. Bd2 h6 17. Rfe1 Kf8 18. g4 Ne5 0-1

[Event "Ajedrez # 2"]
[Site "http://www.queenalice.com/game.php?id=1397718"]
[Date "2015.12.7"]
[Round "5"]
[White "Maniusiek"]
[Black "Delbo"]
[Result "1-0"]
[WhiteElo "2615"]
[BlackElo "2191"]

1. e4 e5 2. Nf3 Nc6 3. Bc4 Nf6 4. Ng5 d5 5. exd5 Nd4 6. c3 b5 7. Bf1 Nxd5 8.
cxd4 Qxg5 9. Bxb5+ Kd8 10. O-O Bb7 11. Qf3 exd4 12. d3 Qe5 13. Na3 Bd6 14. g3
Bxa3 15. bxa3 Qe6 16. Rb1 Rb8 17. Bc4 Nb6 18. Qxf7 Qxf7 19. Bxf7 Ke7 20. Bb3
Rhe8 21. a4 Ba6 22. Bg5+ Kd7 23. Rbc1 Re2 24. Bf4 Rc8 25. a5 Na8 26. Rfe1 Bxd3
27. Red1 1-0

[Event "Challenge"]
[Site "http://www.queenalice.com/game.php?id=1398364"]
[Date "2015.12.11"]
[Round "-"]
[White "Maniusiek"]
[Black "caboclo"]
[Result "1-0"]
[WhiteElo "2607"]
[BlackElo "2678"]

1. e4 e6 2. d3 d5 3. Nd2 c5 4. Ngf3 Nc6 5. g3 Nf6 6. Bg2 Be7 7. O-O O-O 8. Re1
h6 9. e5 Nd7 10. Nf1 b5 11. h4 Bb7 12. Bf4 Qb6 13. N1h2 Rfc8 14. Ng4 Bf8 15. Qd2
Qd8 16. h5 Rab8 17. Nh4 Ne7 18. c3 d4 19. Be4 Bxe4 20. dxe4 dxc3 21. Qxc3 Rc7
22. Be3 Nc6 23. Red1 c4 24. f4 Qc8 25. a3 b4 26. axb4 Rxb4 27. Rac1 Nb6 28. Bxb6
1-0

[Event "Let's Play Chess!"]
[Site "http://www.queenalice.com/game.php?id=1398367"]
[Date "2015.12.14"]
[Round "-"]
[White "Maniusiek"]
[Black "fred57"]
[Result "0-1"]
[WhiteElo "2615"]
[BlackElo "2707"]

1. e4 c5 2. Nf3 Nc6 3. d3 g6 4. g3 Bg7 5. Bg2 d6 6. O-O e5 7. c3 Nge7 8. a3 b6
9. b4 O-O 10. b5 Na5 11. c4 f5 12. Nc3 f4 13. h3 h6 14. Bb2 Be6 15. g4 Kf7 16.
Nd5 Bd7 17. Re1 Nxd5 18. exd5 Rh8 0-1

[Event "Let's Play Chess!"]
[Site "http://www.queenalice.com/game.php?id=1398368"]
[Date "2015.12.14"]
[Round "-"]
[White "fred57"]
[Black "Maniusiek"]
[Result "1-0"]
[WhiteElo "2701"]
[BlackElo "2621"]

1. d4 d5 2. c4 c6 3. Nf3 Nf6 4. Qc2 g6 5. Bf4 Bg7 6. e3 O-O 7. Nc3 Na6 8. a3 c5
9. Rd1 Qa5 10. Qb3 cxd4 11. exd4 Nc7 12. Be5 dxc4 13. Bxc4 b5 14. Bxb5 Nxb5 15.
Qxb5 Qxb5 16. Nxb5 Nd5 17. Rc1 Ba6 18. Nc7 1-0

[Event "AUTO-ELITE-1502"]
[Site "http://www.queenalice.com/game.php?id=1402894"]
[Date "2016.1.7"]
[Round "2"]
[White "fontaine"]
[Black "Maniusiek"]
[Result "1/2-1/2"]
[WhiteElo "2644"]
[BlackElo "2631"]

1. e4 e5 2. Nf3 Nc6 3. Bc4 Nf6 4. d3 Bc5 5. c3 a6 6. Bb3 d6 7. Nbd2 Ba7 8. h3 h6
9. Nf1 Be6 10. Ng3 Qd7 11. Bc2 d5 12. Qe2 d4 13. c4 b5 14. O-O O-O 15. b3
1/2-1/2

[Event "AUTO-ELITE-1502"]
[Site "http://www.queenalice.com/game.php?id=1402895"]
[Date "2016.1.7"]
[Round "2"]
[White "Maniusiek"]
[Black "fontaine"]
[Result "1/2-1/2"]
[WhiteElo "2631"]
[BlackElo "2644"]

1. e4 c6 2. d4 d5 3. exd5 cxd5 4. c4 Nf6 5. Nc3 g6 6. cxd5 Nxd5 7. Qb3 Nb6 8.
Bb5+ Bd7 9. Nf3 Bg7 10. Ne5 O-O 11. Nxd7 N8xd7 12. O-O Nf6 13. Rd1 Nfd5 14. a4
a5 1/2-1/2

[Event "AUTO-ELITE-1499"]
[Site "http://www.queenalice.com/game.php?id=1431788"]
[Date "2016.7.15"]
[Round "2"]
[White "Maniusiek"]
[Black "janeil"]
[Result "1-0"]
[WhiteElo "2601"]
[BlackElo "2603"]

1. e4 e5 2. Nf3 Nc6 3. d4 exd4 4. Nxd4 Bc5 5. Be3 Qf6 6. c3 Nge7 7. Bc4 Ne5 8.
Be2 Qg6 9. O-O d6 10. f3 O-O 11. Nd2 d5 12. Kh1 dxe4 13. Nxe4 Bb6 14. Bf4 N7c6
15. Nxc6 Nxc6 16. Bd3 Be6 17. b4 1-0

[Event "AUTO-ELITE-1499"]
[Site "http://www.queenalice.com/game.php?id=1431789"]
[Date "2016.7.15"]
[Round "2"]
[White "janeil"]
[Black "Maniusiek"]
[Result "1/2-1/2"]
[WhiteElo "2600"]
[BlackElo "2609"]

1. e4 e5 2. Nf3 Nc6 3. Bb5 a6 4. Ba4 Nf6 5. O-O Nxe4 6. d4 b5 7. Bb3 d5 8. dxe5
Be6 9. Nbd2 Bc5 10. Nxe4 dxe4 11. Ng5 Qxd1 12. Rxd1 Bxb3 13. axb3 Nxe5 14. Rd5
Nd7 15. Nxe4 Bb6 16. Be3 Bxe3 17. fxe3 Ke7 18. Rad1 Rhd8 19. Kf2 c6 20. R5d4 Nb6
21. g4 1/2-1/2